Statystyki dla Flagi miast województwa lubuskiego

Kliknij tutaj aby rozwiązać quiz!

Ogólne statystyki

  • Ten quiz został rozwiązany 61 razy
  • Średni wynik to 13 z 24

Statystyki odpowiedzi

Odpowiedź% Poprawnych
Zielona Góra
94%
Gorzów Wielkopolski
91%
Żary
72%
Międzyrzecz
70%
Słubice
66%
Żagań
66%
Kostrzyn nad Odrą
62%
Świebodzin
62%
Krosno Odrzańskie
58%
Sulęcin
58%
Wschowa
57%
Drezdenko
53%
Sulechów
53%
Strzelce Krajeńskie
49%
Gubin
43%
Kożuchów
42%
Rzepin
40%
Zbąszynek
38%
Bytom Odrzański
36%
Torzym
36%
Babimost
34%
Czerwieńsk
32%
Witnica
32%
Lubsko
30%

Rozkład punktacji

Percentyl według liczby udzielonych odpowiedzi

Procent ludzi z każdym wynikiem

Twoja historia wyników

Nie rozwiązałeś tego quizu